Novelas cortas y cuentos

Tallennettuna:
Bibliografiset tiedot
Päätekijä: Cela, Camilo José
Aineistotyyppi: Kirja
Kieli:Undetermined
Julkaistu: Moscú, Rusia Progreso 1975
Aiheet:
Tagit: Lisää tagi
Ei tageja, Lisää ensimmäinen tagi!

MARC

LEADER 00000nam a2200000Ia 4500
008 170316s9999 xx 000 0 und d
040 |a cru BVZT 
090 |a 862 C-33n 
100 |a Cela, Camilo José 
245 |a Novelas cortas y cuentos 
260 |a Moscú, Rusia 
260 |b Progreso 
260 |c 1975 
300 |a 298 páginas 
650 |a LITERATURA ESPAÑOLA 
650 |a NOVELAS 
650 |a CUENTOS 
999 |c 9665  |d 9665 
942 |c 15 D  |h 862 C-33n  |2 z